Cités disparues les grandes métropoles de l'Antiquité

محفوظ في:

المؤلف الرئيسي: Maria Teresa Guaitoli,.

مؤلفون آخرون: Simone Rambaldi.

التنسيق: كتاب

اللغة: Undetermined

منشور في: Italie) : White Star, Vercelli (, 2011.

الموضوعات:

الوسوم: إضافة وسم

لا توجد وسوم, كن أول من يضع وسما على هذه التسجيلة!

رقم الطلب: D62 .L66

LEADER 00587nam a2200193Ia 4500
008 240329s9999||||xx |||||||||||||| ||und||
020 |a 978-8861123656 
050 4 |a D62 .L66 
100 1 |a Maria Teresa Guaitoli,. 
245 1 0 |a Cités disparues les grandes métropoles de l'Antiquité   |c Maria Teresa Guaitoli, 
264 1 |a Italie) :  |b White Star, Vercelli (,  |c 2011. 
300 |a (323 p.)  |c 30 cm 
650 |a Antiquité  
650 |a Archéologie  
650 |a Extinct cities  
650 |a Extinct cities Pictorial works  
700 1 |a Simone Rambaldi. 
942 |2 lcc  |c BK 
999 |c 57756  |d 57756